Chilean players in Premier League (2000-) - Statistics

General Stats
  • This quiz has been taken 65 times
  • The average score is 7 of 16
Answer Stats
Ranking Player Positions Nationality Matches Goals (assists) Periods Clubs % Correct
1 Alexis Sánchez MF, FW 154 63 (31) 2014-2019
100%
6 Claudio Bravo GK 29 0 (0) 2016-2017, 2019-2020
95%
9 Ben Brereton MF, FW 24 6 (1) 2023-2025
73%
5 Gary Medel DF, MF 34 0 (1) 2013-2014
58%
7 Mauricio Isla DF, MF 26 0 (2) 2014-2015
56%
10 Eduardo Vargas MF, FW 21 3 (2) 2014-2015
44%
2 Jean Beausejour DF, FW 67 3 (12) 2010-2013
44%
8 Mark González MF, FW 25 2 (0) 2006-2007
38%
13 David Pizarro MF 5 0 (1) 2011-2012
36%
4 Gonzalo Jara DF, MF 34 1 (1) 2010-2013
33%
14 Francisco Sierralta DF 5 0 (0) 2021-2022
25%
3 Clarence Acuña MF 46 6 (0) 2000-2003
22%
11 Carlos Villanueva MF, FW 13 0 (1) 2008-2009
20%
16 Javier Margas DF 3 0 (0) 2000-2001
20%
12 Luis Jiménez MF, FW 11 1 (2) 2009-2010
18%
15 Ángelo Henríquez FW 4 1 (0) 2012-2013
13%
No matching quizzes found
Score Distribution
Percent of People with Each Score
Percentile by Number Answered
Your Score History
You have not taken this quiz